000 00919nam a2200241 a 4500
001 000028102
005 20200930031342.0
008 110406s1992 ht 001 0bfre d
040 _aDO-SdBNP
_bspa
_cBNPHU
041 0 7 _afre
082 _a972.9403
_bP622v
100 1 _aPierre-Charles, Gérard
_941080
245 1 0 _aVision contemporaine de Toussaint Louverture /
_cGérard Pierre-Charles.
260 _aPuerto-Principe, Haití :
_bCentre de Recherche et de Formation Economique et Sociale pour le Développment,
_c1992.
_e[Santo Domingo :
_fRafael Domínguez & Asociados]
300 _a69 p. ;
_c21 cm.
546 _aFrancés
600 1 4 _aLOUVERTURE, TOUSSAINT,
_d1743-1803
_946608
651 4 _aHaití
_xHistoria
_yREVOLUCIÓN, 1791-1804
_99645
651 4 _aHaití
_xPolítica Y Gobierno
_912667
651 4 _aHaití
_xCondiciones Sociales
_912666
910 _aValidado. Control de la calidad EMS.
049 _aBNPD
999 _c27594
_d27594